South Africa Provinces by Picture - Statistics

General Stats
  • This quiz has been taken 21 times
  • The average score is 7 of 9
Answer Stats
Picture Answer % Correct
Western Cape
100%
Gauteng
89%
Eastern Cape
79%
Limpopo
79%
Mpumalanga
79%
Free State
74%
KwaZulu-Natal
74%
Northern Cape
68%
North West
68%
No matching quizzes found
Score Distribution
Percent of People with Each Score
Percentile by Number Answered
Your Score History
You have not taken this quiz